Microbiologia de los alimentos /
Guardado en:
| Autor Principal: | |
|---|---|
| Formato: | Libro |
| Publicado: |
Zaragoza :
Acribia,
1993
|
| Edición: | 4a. ed. |
| Materias: | |
| Etiquetas: |
Agregar Etiqueta
Sin Etiquetas, Sea el primero en etiquetar este registro!
|
| LEADER | 00616nam a22002175a 4500 | ||
|---|---|---|---|
| 001 | CEM.cems016881 | ||
| 005 | 20091116100838.0 | ||
| 008 | 130507s1993##################000#0#####d | ||
| 003 | CEMS | ||
| 082 | 0 | 4 | |a 664.8 |
| 100 | 1 | |a Frazier, W C | |
| 245 | 1 | 0 | |a Microbiologia de los alimentos / |c W C Frazier, D C Westhoff |
| 250 | |a 4a. ed. | ||
| 260 | |a Zaragoza : |b Acribia, |c 1993 | ||
| 300 | |a 681 p. | ||
| 653 | |a Alimentos-sanidad | ||
| 653 | |a Microorganismos | ||
| 653 | |a Alimentos-conservacion | ||
| 653 | |a Alimentos-control | ||
| 653 | |a Microbiologia | ||
| 859 | |a CEMS |b BIB. CEMS - Agricultura |h 664.8 |i F869a4 |p A18219.95 |t Ej.1 | ||
